The mini rough guide to London
| Main Author: | |
|---|---|
| Other Authors: | , , |
| Format: | Book |
| Published: |
London :
Rough guides ,
2006
|
| Series: | The rough guide to
|
| Subjects: |
MARC
| LEADER | 00000cam a2200000 7i4500 | ||
|---|---|---|---|
| 001 | 0000017528 | ||
| 005 | 20080602.0 | ||
| 008 | 080527 | ||
| 020 | |a 184353584x | ||
| 090 | 0 | 0 | |a 914.210486 |b HUM |
| 100 | 1 | |a Humphreys, Rob | |
| 245 | 1 | 4 | |a The mini rough guide to London |c Rob Humphreys |
| 260 | |a London : |b Rough guides , |c 2006 | ||
| 440 | 4 | |a The rough guide to | |
| 650 | 0 | |a London (England) |x Guidebooks | |
| 700 | 1 | |a Chaplin, Beth | |
| 700 | 1 | |a Morrill, Rebecca | |
| 700 | 1 | |a Schafer, Sally | |
| 999 | |a 0001017415 |b Book |c Adult Collection |e Perbadanan Perpustakaan Awam Johor | ||